| 000 | 00512nmm a2200169Ia 4500 | ||
|---|---|---|---|
| 008 | 251105s9999||||xx |||||||||||||||||und|| | ||
| 020 | _a9789560003829 | ||
| 041 | _aspa | ||
| 100 | _aCalderón, Guillermo | ||
| 245 | 0 |
_aGuillermo Calderón. Teatro I : _b Neva / Diciembre / Clase |
|
| 264 |
_a[Santiago de Chile, Chile] : _bLOM Ediciones, _c2012 |
||
| 300 | _a168 páginas | ||
| 490 | _aTeatro | ||
| 650 | _aLatin American theater | ||
| 856 | _uhttps://public.digitaliapublishing.com/a/126811 | ||
| 942 | _cCF | ||
| 999 |
_c93504 _d93504 |
||